Normal view
MARC view
Entry Personal Name
001 - CONTROL NUMBER
- control field: 1140
003 - CONTROL NUMBER IDENTIFIER
- control field: OSt
005 - DATE AND TIME OF LATEST TRANSACTION
- control field: 20251201155441.0
008 - FIXED-LENGTH DATA ELEMENTS
- fixed length control field: 251201|| aca||aabn | a|a d
040 ## - CATALOGING SOURCE
- Original cataloging agency: OSt
- Transcribing agency: OSt
100 ## - HEADING--PERSONAL NAME
- Personal name: Jian Pei
670 ## - SOURCE DATA FOUND
- Source citation: Work cat.: (OSt)38054: Jiawei Han 406, Data Mining: Concepts and Techniques_4th Edition, 2025